| 000 | 00549cam a2200145 4500500 | ||
|---|---|---|---|
| 005 | 20260222012052.0 | ||
| 041 | _afre | ||
| 042 | _adc | ||
| 100 | 1 | 0 |
_aBacot, Jean-Pierre _eauthor |
| 245 | 0 | 0 | _aProduction(s) du populaire (Jacques MIGOZZI et Philippe LE GUERN, dir.) Boulevard du populaire (Jacques MIGOZZI) par Jean-Pierre BACOT |
| 260 | _c2005. | ||
| 500 | _a20 | ||
| 786 | 0 | _nRéseaux | 129-130 | 1 | 2005-04-01 | p. 323b-345b | 0751-7971 | |
| 856 | 4 | 1 | _uhttps://shs.cairn.info/revue-reseaux1-2005-1-page-323b?lang=fr&redirect-ssocas=7080 |
| 999 |
_c1670073 _d1670073 |
||